| 000 | 00509nam a2200181Ia 4500 | ||
|---|---|---|---|
| 999 |
_c6257 _d6257 |
||
| 003 | OSt | ||
| 005 | 20200106124442.0 | ||
| 008 | 190216s9999||||xx |||||||||||||| ||und|| | ||
| 020 | _a8176632279 | ||
| 040 | _coclc | ||
| 082 |
_a332.6 _bGOP/I |
||
| 100 |
_aGopalakrishnan, C _91081 |
||
| 245 | 0 |
_aInvestment Management / _cC Gopalakrishnan |
|
| 260 |
_bKalyani Publishers, _c2002. _aNew Delhi: |
||
| 300 | _a146p | ||
| 650 | _xInvestments | ||
| 942 |
_cBK _2ddc _h332.6 _iGOP/I _k332.6 _mGOP/I |
||